Sports Quiz

Random Sports or MLB Quiz

Opening Day Lineups: Astros Quiz Stats

 Plays Quiz Updated Apr 4, 2019

Score 0/268 Timer 17:00
0 Plays Today
Year Player % Correct
1993Craig Biggio
93.9%
1994Craig Biggio
93.9%
1998Craig Biggio
93.9%
1999Craig Biggio
93.9%
2000Craig Biggio
93.9%
2003Craig Biggio
93.9%
2004Craig Biggio
93.9%
2007Craig Biggio
93.9%
1991Craig Biggio
93.9%
1996Craig Biggio
93.9%
2005Craig Biggio
93.9%
2006Craig Biggio
93.9%
1992Craig Biggio
93.9%
1995Craig Biggio
93.9%
1997Craig Biggio
93.9%
2001Craig Biggio
93.9%
2002Craig Biggio
93.9%
1997Jeff Bagwell
93.5%
1998Jeff Bagwell
93.5%
2000Jeff Bagwell
93.5%
2001Jeff Bagwell
93.5%
2002Jeff Bagwell
93.5%
2004Jeff Bagwell
93.5%
2005Jeff Bagwell
93.5%
1992Jeff Bagwell
93.5%
1993Jeff Bagwell
93.5%
1995Jeff Bagwell
93.5%
1996Jeff Bagwell
93.5%
1999Jeff Bagwell
93.5%
2003Jeff Bagwell
93.5%
1991Jeff Bagwell
93.5%
1994Jeff Bagwell
93.5%
2016Jose Altuve
89.9%
2017Jose Altuve
89.7%
2019Jose Altuve
89.1%
2015Jose Altuve
88.8%
2006Lance Berkman
88.8%
2002Lance Berkman
88.8%
2003Lance Berkman
88.8%
2007Lance Berkman
88.8%
2008Lance Berkman
88.8%
2009Lance Berkman
88.8%
2004Lance Berkman
88.8%
2001Lance Berkman
88.8%
2018Jose Altuve
88.5%
2014Jose Altuve
87%
2013Jose Altuve
84.1%
2004Roy Oswalt
83.8%
2005Roy Oswalt
83.8%
2006Roy Oswalt
83.8%
2007Roy Oswalt
83.8%
2008Roy Oswalt
83.8%
2009Roy Oswalt
83.8%
2003Roy Oswalt
83.8%
2010Roy Oswalt
83.1%
2017Carlos Correa
83.1%
2012Jose Altuve
82.4%
2019Justin Verlander
82.2%
2018Carlos Correa
82.1%
2019George Springer
82%
2016Carlos Correa
81.8%
2019Alex Bregman
81%
2017George Springer
80.9%
2018George Springer
80.8%
2018Justin Verlander
79.3%
2016George Springer
78.6%
2018Alex Bregman
77.2%
2008Carlos Lee
76.2%
2009Carlos Lee
76.2%
2007Carlos Lee
76.2%
2010Carlos Lee
75.6%
2015George Springer
75.4%
2016Dallas Keuchel
75%
2017Dallas Keuchel
75%
2018Marwin Gonzalez
74%
2016Marwin Gonzalez
72.8%
2015Dallas Keuchel
72.2%
2017Alex Bregman
72%
2018Brian McCann
70.3%
2012Carlos Lee
70%
2011Carlos Lee
70%
2017Brian McCann
70%
2012Marwin Gonzalez
68.5%
2008Brad Ausmus
67.7%
1998Brad Ausmus
67.7%
2003Brad Ausmus
67.7%
2005Brad Ausmus
67.7%
2006Brad Ausmus
67.7%
2007Brad Ausmus
67.7%
1997Brad Ausmus
67.7%
Year Player % Correct
2001Brad Ausmus
67.7%
2004Brad Ausmus
67.7%
2017Carlos Beltran
66.8%
2019Yuli Gurriel
65.8%
2018Evan Gattis
65.7%
2012Chris Johnson
64.8%
2011Chris Johnson
64.8%
2018Josh Reddick
63.9%
2014Chris Carter
62.3%
2008Michael Bourn
62.1%
2009Michael Bourn
62%
2015Chris Carter
61.8%
2012Wandy Rodriguez
61.7%
2015Evan Gattis
61.7%
2010Michael Bourn
61.5%
2017Josh Reddick
61.5%
2008Hunter Pence
61.1%
2009Hunter Pence
61.1%
2009Ivan Rodriguez
60.8%
2013Chris Carter
60.8%
2010Hunter Pence
60.6%
1992Luis Gonzalez
59.3%
1991Luis Gonzalez
59.3%
1993Luis Gonzalez
59.3%
1994Luis Gonzalez
59.3%
1995Luis Gonzalez
59.3%
1997Luis Gonzalez
59.3%
2017Yulieski Gurriel
58.3%
2015Jason Castro
57.2%
2014Jason Castro
57%
2016Jason Castro
56.8%
1991Ken Caminiti
56.8%
1994Ken Caminiti
56.8%
2000Ken Caminiti
56.8%
1992Ken Caminiti
56.8%
1993Ken Caminiti
56.8%
1999Ken Caminiti
56.8%
1995Derek Bell
56.5%
1996Derek Bell
56.5%
1997Derek Bell
56.5%
1999Derek Bell
56.5%
1998Derek Bell
56.5%
2019Michael Brantley
56.3%
2002Morgan Ensberg
56.2%
2004Morgan Ensberg
56.2%
2006Morgan Ensberg
56.1%
2005Morgan Ensberg
56.1%
2007Morgan Ensberg
56.1%
2013Jason Castro
55.8%
2019Tyler White
54.9%
2012Jason Castro
54.3%
2011Hunter Pence
54.1%
2011Michael Bourn
53.7%
2000Richard Hidalgo
52.1%
2002Richard Hidalgo
52.1%
1999Richard Hidalgo
52.1%
2001Richard Hidalgo
52.1%
2004Richard Hidalgo
52.1%
1998Richard Hidalgo
52.1%
2003Richard Hidalgo
52.1%
2019Jake Marisnick
52%
2005Adam Everett
51.8%
2004Adam Everett
51.8%
2002Adam Everett
51.7%
2006Adam Everett
51.7%
2007Adam Everett
51.8%
2018Jake Marisnick
51.6%
1999Carl Everett
51.4%
2004Jeff Kent
51.3%
2003Jeff Kent
51.2%
2012JD Martinez
49.6%
2016Carlos Gomez
48.9%
2016Colby Rasmus
48%
2008Miguel Tejada
47.7%
1991Mike Scott
47.7%
2009Miguel Tejada
47.7%
2005Luke Scott
47.6%
2007Luke Scott
47.6%
2015Colby Rasmus
47.4%
2019Robinson Chirinos
44.6%
1998Moises Alou
43.4%
2000Moises Alou
43.4%
2016Luis Valbuena
43%
2015Luis Valbuena
42.6%
2015Jake Marisnick
42%
1996Shane Reynolds
41.8%
1997Shane Reynolds
41.8%
1998Shane Reynolds
41.8%
1999Shane Reynolds
41.8%
2000Shane Reynolds
41.8%
Year Player % Correct
2019Aledmys Diaz
40.3%
2013Carlos Pena
38.4%
2013Ronny Cedeno
38.4%
2006Preston Wilson
37.7%
2017Nori Aoki
37.6%
2009Kazuo Matsui
37.5%
1991Steve Finley
37.2%
1992Steve Finley
37.2%
1993Steve Finley
37.2%
1994Steve Finley
37.2%
2010Kazuo Matsui
37%
2014Dexter Fowler
36.5%
2002Wade Miller
36.2%
1995Orlando Miller
36.1%
1996Orlando Miller
36.1%
2011Brett Wallace
34.2%
2013Brett Wallace
34.1%
2006Willy Taveras
33.8%
2005Willy Taveras
33.8%
2015Jed Lowrie
33.7%
1992Andujar Cedeno
32.5%
1993Andujar Cedeno
32.5%
1994Andujar Cedeno
32.5%
2013Bud Norris
32.4%
2003Geoff Blum
32.4%
2009Geoff Blum
32.4%
2013Matt Dominguez
32.2%
2014Matt Dominguez
32.1%
2010Geoff Blum
32.1%
2014Scott Feldman
31.6%
2016Preston Tucker
31.1%
2011Angel Sanchez
29.7%
2005Jason Lane
28.1%
2006Jason Lane
28%
2014Jonathan Villar
28%
1993Doug Drabek
27.1%
1995Doug Drabek
27.1%
2011Brett Myers
27%
2001Julio Lugo
26.8%
2003Julio Lugo
26.8%
2007Chris Burke
26.1%
2010J.R. Towles
25.8%
1998Sean Berry
25.7%
1996Sean Berry
25.7%
1997Sean Berry
25.7%
2011Bill Hall
24.6%
1999Tony Eusebio
24.3%
2000Tony Eusebio
24.3%
2010Pedro Feliz
23.1%
1992Pete Harnisch
22.6%
1994Pete Harnisch
22.6%
1999Ricky Gutierrez
22.5%
1996Brian Hunter
22.5%
1998Ricky Gutierrez
22.5%
2011Humberto Quintero
22.4%
2013Justin Maxwell
22.2%
2014Robbie Grossman
22.1%
1992Scott Servais
21.6%
1994Scott Servais
21.6%
1995Scott Servais
21.6%
1997Bobby Abreu
21%
2014L.J. Hoes
20.7%
2012Jordan Schafer
20.7%
2008Ty Wigginton
19.8%
2001Daryle Ward
19.8%
2002Daryle Ward
19.8%
1993Eddie Taubensee
19.6%
2014Jesus Guzman
19.5%
2012Brian Bogusevic
19.4%
2013Brandon Barnes
19.3%
2008Mark Loretta
19.3%
1993Eric Anthony
19%
2002Gregg Zaun
18.4%
2010Tommy Manzella
17.8%
1996Derrick May
16.4%
2000Tim Bogar
16.4%
1991Eric Yelding
16.4%
2000Bill Spiers
16.1%
2001Scott Elarton
16.1%
1994James Mouton
15.3%
1992Pete Incaviglia
14.9%
1995Phil Plantier
14.9%
1996Rick Wilkins
13.5%
2001Chris Truby
13.3%
1991Mark McLemore
12.9%
1991Karl Rhodes
12.8%
1995Dave Magadan
12.4%
1997Pat Listach
11.5%

You're not logged in!

Compare scores with friends on all Sporcle quizzes.
OR
Log In

Sporcle TV

Today on Sporcle TV


Watch our educational content, quiz creation guides, and fun videos on Sporcle TV.

Show Comments

Extras

Top Quizzes Today


Score Distribution

Your Account Isn't Verified!

In order to create a playlist on Sporcle, you need to verify the email address you used during registration. Go to your Sporcle Settings to finish the process.

Report this User

Report this user for behavior that violates our Community Guidelines.

Details: